Guess the Videogame From its Map - Statistics

General Stats
  • This quiz has been taken 545 times
  • The average score is 5 of 9
Answer Stats
Picture Answer % Correct
Fortnite
97%
Grand Theft Auto 5
87%
Spiderman
63%
God of War
54%
Ghost of Tsushima
48%
Farcry 4
35%
The Elder Scrolls IV
32%
Ghost Recon Wildlands
20%
Assassin's Creed 2
17%
No matching quizzes found
Score Distribution
Percent of People with Each Score
Percentile by Number Answered
Your Score History
You have not taken this quiz